00515nam a22001577a 45000050016000000100015000160200022000310350013000530370013000660820008000791000019000872450136001062600038002422700056002803000021003362010081600490.0 aENG-100549 a8177354353c45.00 aEN-84082 bDBAD/PUB a921 aPadmavathy, D. aSocial reformers of modern India (reference book) :bsyllabus for P.G. CBCS under the bharathidasan university /cby D. Padmavathy  aChennaibPavai Publicationsc2007 a142, Jai Jan Khan Road, RoyapettahbChannaie600014 a96p.c20cm (pbk)